| Tag |
First Indicator |
Second Indicator |
Subfields |
| LEADER |
00000pam a2200000 i 4500 |
| 001 |
in00000060247 |
| 005 |
20151008051616.0 |
| 008 |
790705s1979 nyua b 00110 eng |
| 010 |
|
|
|a 79009569
|
| 020 |
|
|
|a 0231040385
|
| 035 |
|
|
|a (OCoLC)05196877
|
| 035 |
|
|
|9 AAG8942AM
|
| 040 |
|
|
|a DLC
|c DLC
|d m.c.
|d TXA
|d UtOrBLW
|
| 043 |
|
|
|a n-us---
|
| 049 |
|
|
|a TXAM
|c [A09793788]
|
| 050 |
0 |
0 |
|a HD6095
|b .L558
|
| 082 |
0 |
|
|a 331.4/0973
|
| 100 |
1 |
|
|a Lloyd, Cynthia B.,
|d 1943-
|
| 245 |
1 |
4 |
|a The economics of sex differentials /
|c Cynthia B. Lloyd and Beth T. Niemi.
|
| 264 |
|
1 |
|a New York :
|b Columbia University Press,
|c 1979.
|
| 300 |
|
|
|a xvi, 355 pages :
|b illustrations ;
|c 24 cm.
|
| 336 |
|
|
|a text
|b txt
|2 rdacontent
|
| 337 |
|
|
|a unmediated
|b n
|2 rdamedia
|
| 338 |
|
|
|a volume
|b nc
|2 rdacarrier
|
| 504 |
|
|
|a Bibliography: pages 327-347.
|
| 500 |
|
|
|a Includes index.
|
| 650 |
|
0 |
|a Women
|x Employment
|z United States.
|
| 650 |
|
0 |
|a Sex discrimination in employment
|z United States.
|
| 650 |
|
0 |
|a Sex discrimination against women
|z United States.
|
| 700 |
1 |
|
|a Niemi, Beth T.,
|d 1942-
|
| 999 |
|
|
|a MARS
|
| 999 |
f |
f |
|s b07ee585-07c0-314d-87c0-97a60bbe61f9
|i c151894e-d633-3354-99ae-232b2ab6b63f
|t 0
|
| 952 |
f |
f |
|p ric
|a Texas A&M University
|b Rellis Campus
|c Joint Library Facility
|d Remote Storage
|t 0
|e HD6095 .L558
|h Library of Congress classification
|i unmediated -- volume
|m A14817582002
|
| 998 |
f |
f |
|a HD6095 .L558
|t 0
|l Remote Storage
|